Monetary policy in Switzerland <the> performance during the seveties

Saved in:
Bibliographic Details
Main Author: Fürstenberg, Reinhard W.
Format: Book
Language:English
Published: Kiel Universität 1980
Series:Arbeitspapier Nr. 106
Tags: Add Tag
No Tags, Be the first to tag this record!

MARC

LEADER 00000nam a2200000 4500
001 c142389
005 20181203150526.0
041 0 |a eng 
044 |a DE 
245 1 0 |a Monetary policy in Switzerland  |b <the> performance during the seveties  |c Reinhard W. Fürstenberg 
264 1 |a Kiel  |b Universität  |c 1980 
300 |a 26 s. 
490 1 |a Arbeitspapier  |v Nr. 106 
830 0 |a Arbeitspapier  |v Nr. 106 
100 1 |a Fürstenberg, Reinhard W.